000 00449nam a2200181Ia 4500
001 2091
005 20260306143816.0
008 260306t2014||||xx |||||||||||||| ||spa||
041 _aESP
082 _a612.8
_bG33
100 _aGazzaniga, Michael S.
_eAUT
245 0 _aCognitive neuroscience:
_bthe biology of the mind
260 _c2014
300 _axvi, 643 páginas :
_c28 cm.
650 _aGEN
654 _aCPS
942 _cLIB
_dJUS
_fJUS
_2ddc
_n
999 _c2091
_d2091